000 00853naa a22002417u 4500
001 20889
003 HDC
007 cr bn ---aaaaa
008 210306t200909 xx 000 0 eng
040 _aHDC
100 _aIRFAN SUNGKAR,
_eauthor
_91125
245 4 _aThe growth of Indian Halal meat exports to GCC countries /
_cby IRFAN SUNGKAR
260 _a[No place] :
_b[publisher not identified],
_c2009
336 _atext
_2rdacontent
337 _acomputer
_2rdamedia
338 _aonline resource
_2rdacarrier
650 _aExports
_91048
650 _aMeat industry and trade
_xReligious aspects
_xIslam
_917653
856 _zRequest full-text at [email protected]
942 _2lcc
942 _cEIJ
942 _kEMAG 000920
999 _c18205
_d18205